2000 nejpoužívanějších francouzských slov /

Hlavní autor: Seidl, Jan, 1981-
Jazyk: Francouzština
Čeština
Vydáno: Brno : Computer Press, c2007
Vydání: Vyd. 2.
Edice: Jazykové učebnice pro samouky (Computer Press). Francouzština
Témata:
Fyzický popis: 113 s. : il. ; 21 cm + 6 CD
Knihy
Uloženo v:
LEADER 01692nam a2200457 a 4500
001 nkc20071728004
003 CZ PrNK
005 20071012103308.0
007 ta
008 070813s2007 xr a g p 000 0 cze
015 |a cnb001728004 
020 |a 978-80-251-1693-7  |q (brož.) 
035 |a (OCoLC)188564965 
040 |a ABA001  |b cze 
041 0 |a cze  |a fre 
072 7 |a 811.133.1  |x Francouzština  |2 Konspekt  |9 11 
072 7 |a 37.016  |x Učební osnovy. Vyučovací předměty. Učebnice  |2 Konspekt  |9 22 
080 |a 811.133.1  |2 MRF 
080 |a 81'373  |2 MRF 
080 |a (075)  |2 MRF 
100 1 |a Seidl, Jan,  |d 1981-  |7 mzk2005286926  |4 aut 
245 1 0 |a 2000 nejpoužívanějších francouzských slov /  |c Jan Seidl 
246 3 |a Dva tisíce nejpoužívanějších francouzských slov 
246 1 8 |a 2000 nejpoužívanějších francouzských slov + 6 audio CD 
250 |a Vyd. 2. 
260 |a Brno :  |b Computer Press,  |c c2007 
300 |a 113 s. :  |b il. ;  |c 21 cm +  |e 6 CD 
490 1 |a Jazykové učebnice pro samouky. Francouzština 
650 0 7 |a francouzština  |7 ph135297  |2 czenas 
650 0 7 |a slovní zásoba  |7 ph166083  |2 czenas 
650 0 9 |a French language  |2 eczenas 
650 0 9 |a vocabulary  |2 eczenas 
655 7 |a učebnice  |7 fd133770  |2 czenas 
655 9 |a textbooks  |2 eczenas 
830 0 |a Jazykové učebnice pro samouky (Computer Press).  |p Francouzština  |0 s 
910 2 |a BOA001  |b 3-1189.575 
990 |a BK 
995 |a 01 
991 |b 200708  |c NOV 
996 6 |b 2610317022  |c 3-1189.575  |l MZK  |r Sklad / do 1 hodiny  |n 1  |p p.v.  |w 000859847  |u 000010  |a 1  |e BOA001  |j MZK50  |s P 
996 7 |b 2610317023  |c 3-1189.575  |l MZK  |r Sklad / do 1 hodiny  |n 29  |p p.v.  |w 000859847  |u 000020  |a 1  |e BOA001  |j MZK50  |s A